000
00287nam a22001337a 4500
008
170623b xxu||||| |||| 00| 0 eng d
020
_a
9780691137247
041
_a
eng
080
_a
327
100
_a
21
101
_a
SHP
245
_a
CONTRACTING STATES
_c
COOLEY.A
942
_2
udc
_c
BK
999
_c
19037
_d
19037